Gefährlichste Städte in Deutschland - Statistiken

Allgemein
  • Dieses Quiz wurde 381 mal gespielt
  • Das Durchschnittsergebnis liegt bei 11 aus 20
Antwortstatistiken
Fälle pro 100.000
Einwohner
Stadt % Korrekt
14.292 Berlin
96%
14.872 Frankfurt am Main
95%
12.074 Hamburg
94%
12.747 Köln
89%
11.839 Dortmund
81%
11.099 Leipzig
79%
14.275 Bremen
76%
14.126 Hannover
75%
13.508 Magdeburg
48%
11.678 Erfurt
45%
12.055 Aachen
41%
12.047 Kassel
40%
12.701 Halle (Saale)
39%
12.997 Saarbrücken
31%
11.296 Freiburg im Breisgau
30%
12.845 Bremerhaven
25%
14.920 Koblenz
25%
12.222 Trier
21%
11.164 Kaiserslautern
18%
12.153 Göttingen
16%
Keine übereinstimmenden Quizze gefunden
Verteilung der Resultate
Anzahl Personen mit jedem Resultat
Perzentil nach korrekt beantworteten Fragen
Ihre Resultats-Entwicklung
Sie haben dieses Quiz noch nicht gespielt